000 00300nam a22001337a 4500
008 180906b xxu||||| |||| 00| 0 eng d
020 _a752063315156
041 _aeng
080 _23 ed
_a004
100 _a30
101 _aSHK
245 _aSams Teach Yourself C++
_cLiberty.j
942 _2udc
_cBK
999 _c47592
_d47592